| 000 | 00946nam a22002777a 4500 | ||
|---|---|---|---|
| 003 | DO-SdBNP | ||
| 005 | 20241004103225.0 | ||
| 008 | 161129b2008 cl a 00| 0 spa d | ||
| 020 | _a9789583008399 | ||
| 040 |
_aBPMSU _bspa _cBPMSU |
||
| 082 | 4 |
_a833.7 _bG864b 2008 _222 |
|
| 100 | 1 |
_4Grimm, Jacob Ludwig Karl _d1985-1863 |
|
| 245 | 1 | 0 |
_aBlancanieves / _cJacobo y Wilhelm Grimm ; ilustraciones Javier Fernando Porras |
| 260 |
_aBogotá, Colombia : _bPanamericana Editorial, _c2008 |
||
| 300 |
_a8 p. : _bil.,; _c28 cm. |
||
| 490 | 0 |
_a Biblioteca del cuento _a _v |
|
| 590 | _aInventariado, 23024/VM | ||
| 650 | 4 |
_aCuentos infantiles alemanes _v |
|
| 650 | 4 |
_aBrujas _vCunentos infantiles |
|
| 650 | 4 | _aLibros ilustrados para niños | |
| 700 | 1 |
_aGrimm, Wilhelm _ecreador |
|
| 700 | 1 |
_aPorras, Javier Fernando _eilustración |
|
| 710 | 2 | _aPanamericana Editorial | |
| 910 | _aVMateo V. Control de calidad. BPMSU | ||
| 942 |
_2ddc _cBK |
||
| 999 |
_c14821 _d14821 |
||